<?xml version="1.0" encoding="UTF-8"?>
<record
    xmlns:xsi="http://www.w3.org/2001/XMLSchema-instance"
    xsi:schemaLocation="http://www.loc.gov/MARC21/slim http://www.loc.gov/standards/marcxml/schema/MARC21slim.xsd"
    xmlns="http://www.loc.gov/MARC21/slim">

  <leader>01164nam a22003017a 4500</leader>
  <controlfield tag="003">DO-SdBNP</controlfield>
  <controlfield tag="005">20250128104959.0</controlfield>
  <controlfield tag="008">150929b2010 sp  a  00| 0 spa d</controlfield>
  <datafield tag="020" ind1=" " ind2=" ">
    <subfield code="a">9788449438387(o.c.)</subfield>
  </datafield>
  <datafield tag="040" ind1=" " ind2=" ">
    <subfield code="a">BPMSU</subfield>
    <subfield code="b">spa</subfield>
    <subfield code="c">BPMSU</subfield>
  </datafield>
  <datafield tag="082" ind1=" " ind2="4">
    <subfield code="a">372.4</subfield>
    <subfield code="b">B616a  2010</subfield>
    <subfield code="2">22</subfield>
  </datafield>
  <datafield tag="100" ind1="1" ind2=" ">
    <subfield code="a">Biosca, Anna </subfield>
  </datafield>
  <datafield tag="245" ind1="1" ind2="0">
    <subfield code="a">Aprendo a leer con los cuentos /  </subfield>
    <subfield code="c"> Anna Biosca ; direcci&#xF3;n Jos&#xE9; Gay </subfield>
    <subfield code="b"> </subfield>
  </datafield>
  <datafield tag="260" ind1=" " ind2=" ">
    <subfield code="a">Barcelona :</subfield>
    <subfield code="b">Oc&#xE9;ano, </subfield>
    <subfield code="c">2010</subfield>
  </datafield>
  <datafield tag="300" ind1=" " ind2=" ">
    <subfield code="a"> 3 v. :</subfield>
    <subfield code="b">il., + DVD ;</subfield>
    <subfield code="c">28 cm.</subfield>
  </datafield>
  <datafield tag="490" ind1="0" ind2=" ">
    <subfield code="a">Crecer y prender con Disney</subfield>
  </datafield>
  <datafield tag="505" ind1=" " ind2=" ">
    <subfield code="a"> Contenido: V.1 El mejor pap&#xE1; del mundo, la fiesta de la bella y la bestia, la escuela de genios -- V.2 El desfile de los d&#xE1;lmatas, simba aprende a cazar, &#xBF;Qu&#xE9; es ese ruido? -- &#xBF;Qu&#xE9; hacemos con Boo?, el regalo de Flik, Buzz en el planeta de las burbujas</subfield>
  </datafield>
  <datafield tag="590" ind1=" " ind2=" ">
    <subfield code="a">Inventariado, 2024/VM</subfield>
  </datafield>
  <datafield tag="650" ind1=" " ind2="4">
    <subfield code="a">Lectura </subfield>
    <subfield code="x">Ense&#xF1;anza primaria</subfield>
  </datafield>
  <datafield tag="650" ind1=" " ind2="4">
    <subfield code="a">Cuentos infantiles </subfield>
  </datafield>
  <datafield tag="650" ind1=" " ind2="4">
    <subfield code="a"> Educaci&#xF3;n preescolar </subfield>
  </datafield>
  <datafield tag="650" ind1=" " ind2="4">
    <subfield code="a">Narraci&#xF3;n de cuentos</subfield>
  </datafield>
  <datafield tag="650" ind1=" " ind2="4">
    <subfield code="a">Lectura recreativa</subfield>
  </datafield>
  <datafield tag="700" ind1="1" ind2=" ">
    <subfield code="a">Gay, Jos&#xE9; </subfield>
    <subfield code="e">direcci&#xF3;n </subfield>
  </datafield>
  <datafield tag="710" ind1="0" ind2=" ">
    <subfield code="a">Disney</subfield>
  </datafield>
  <datafield tag="910" ind1=" " ind2=" ">
    <subfield code="a">VMateo V. Control de calidad. BPMSU </subfield>
  </datafield>
  <datafield tag="942" ind1=" " ind2=" ">
    <subfield code="2">ddc</subfield>
    <subfield code="c">BK</subfield>
  </datafield>
  <datafield tag="952" ind1=" " ind2=" ">
    <subfield code="0">0</subfield>
    <subfield code="1">0</subfield>
    <subfield code="2">ddc</subfield>
    <subfield code="4">0</subfield>
    <subfield code="7">0</subfield>
    <subfield code="8">CI-G</subfield>
    <subfield code="a">BPMET</subfield>
    <subfield code="b">BPMET</subfield>
    <subfield code="d">2024-08-08</subfield>
    <subfield code="l">0</subfield>
    <subfield code="o">BPMSU CGI 372.4 B616a  2010</subfield>
    <subfield code="p">BPMSU24080020</subfield>
    <subfield code="r">2024-08-08</subfield>
    <subfield code="t">v.1</subfield>
    <subfield code="w">2024-08-08</subfield>
    <subfield code="y">BK</subfield>
  </datafield>
  <datafield tag="952" ind1=" " ind2=" ">
    <subfield code="0">0</subfield>
    <subfield code="1">0</subfield>
    <subfield code="2">ddc</subfield>
    <subfield code="4">0</subfield>
    <subfield code="7">0</subfield>
    <subfield code="8">CI-G</subfield>
    <subfield code="a">BPMET</subfield>
    <subfield code="b">BPMET</subfield>
    <subfield code="d">2024-08-08</subfield>
    <subfield code="l">0</subfield>
    <subfield code="o">BPMSU CGI 372.4 B616a  2010</subfield>
    <subfield code="p">BPMSU24080021</subfield>
    <subfield code="r">2024-08-08</subfield>
    <subfield code="t">v.2</subfield>
    <subfield code="w">2024-08-08</subfield>
    <subfield code="y">BK</subfield>
  </datafield>
  <datafield tag="952" ind1=" " ind2=" ">
    <subfield code="0">0</subfield>
    <subfield code="1">0</subfield>
    <subfield code="2">ddc</subfield>
    <subfield code="4">0</subfield>
    <subfield code="7">0</subfield>
    <subfield code="8">CI-G</subfield>
    <subfield code="a">BPMET</subfield>
    <subfield code="b">BPMET</subfield>
    <subfield code="d">2024-08-08</subfield>
    <subfield code="l">0</subfield>
    <subfield code="o">BPMSU CGI 372.4 B616a  2010</subfield>
    <subfield code="p">BPMSU24080022</subfield>
    <subfield code="r">2024-08-08</subfield>
    <subfield code="t">v.3</subfield>
    <subfield code="w">2024-08-08</subfield>
    <subfield code="y">BK</subfield>
  </datafield>
  <datafield tag="999" ind1=" " ind2=" ">
    <subfield code="c">14774</subfield>
    <subfield code="d">14774</subfield>
  </datafield>
</record>
